[Event "BUL-chT 58th"]
[Site "Borovetz"]
[Date "2008.10.04"]
[Round "4"]
[White "Angelov, Angel Y"]
[Black "Panayotov, Yanko"]
[Result "1-0"]
[WhiteElo "2216"]
[BlackElo "2214"]
[PlyCount "65"]
[EventDate "2008.10.01"]
[EventType "team-tourn"]
[EventRounds "7"]
[EventCountry "BUL"]
[SourceTitle "CBM 126 Extra"]
[Source "ChessBase"]
[SourceDate "2008.11.05"]
[SourceVersion "1"]
[SourceVersionDate "2008.11.05"]
[SourceQuality "1"]
[WhiteTeam "Burgas Lukoil-Neftohimik"]
[BlackTeam "Radnevo Maritsa Iztok"]
[WhiteTeamCountry "BUL"]
[BlackTeamCountry "BUL"]

1. e4 d6 2. d4 Nf6 3. Nc3 c6 4. f4 Qa5 5. Bd3 e5 6. dxe5 dxe5 7. f5 Nbd7 8. Qe2 b5 9. Bd2 Qb6 10. Nf3 a5 11. a4 b4 12. Be3 Bc5 13. Nd1 0-0 14. Nd2 Ba6 15. Bxa6 Qxa6 16. Qxa6 Rxa6 17. Ke2 Rd8 18. Nf2 Bxe3 19. Kxe3 Nb6 20. c3 Ra7 21. cxb4 Rad7 22. bxa5 Rxd2 23. axb6 Ng4+ 24. Kf3 Nxf2 25. Rhe1 Nd1 26. Ra3 Nxb2 27. Rb1 Nc4 28. Rc3 Na5 29. b7 Rb8 30. Rc5 Rdd8 31. Rxa5 f6 32. Ra6 Rd7 33. Rab6 1-0

[Event "BUL-chT 56th"]
[Site "Sunny Beach"]
[Date "2006.10.10"]
[Round "6"]
[White "Vasilev, Milen"]
[Black "Panayotov, Yanko"]
[Result "1-0"]
[WhiteElo "2429"]
[BlackElo "2262"]
[PlyCount "73"]
[EventDate "2006.10.05"]
[EventType "team-tourn"]
[EventRounds "7"]
[EventCountry "BUL"]
[SourceTitle "CBM 114 Extra"]
[Source "ChessBase"]
[SourceDate "2006.11.03"]
[SourceVersion "1"]
[SourceVersionDate "2006.11.03"]
[SourceQuality "1"]
[WhiteTeam "Burgas Lukoil-Neftohimik"]
[BlackTeam "Dimitrovgrad Tradex"]
[WhiteTeamCountry "BUL"]
[BlackTeamCountry "BUL"]

1. d4 e6 2. c4 Nf6 3. Nf3 b6 4. g3 Ba6 5. b3 Bb4+ 6. Bd2 Be7 7. Bg2 c6 8. Bc3 d5 9. Ne5 Ne4 10. Bxe4 dxe4 11. e3 0-0 12. f3 f6 13. Ng4 exf3 14. Qxf3 Bb7 15. 0-0 Qc7 16. Nd2 Nd7 17. e4 f5 18. Ne3 c5 19. d5 Bf6 20. Bxf6 Nxf6 21. Qf4 Qxf4 22. Rxf4 g5 23. Rf2 Nxe4 24. Nxe4 fxe4 25. dxe6 Rxf2 26. Kxf2 Bc8 27. e7 Kf7 28. Nd5 Bd7 29. Ke3 Re8 30. Rf1+ Kg7 31. Kxe4 Bc6 32. Ke5 Bxd5 33. cxd5 Rxe7+ 34. Kd6 Re2 35. Kc6 Rxh2 36. d6 Rxa2 37. Rd1 1-0